Normal view MARC view
  • Hamzah bin Abdul Rahman

Entry Personal Name

Number of records used in: 1

001 - CONTROL NUMBER

  • control field: 8619

003 - CONTROL NUMBER IDENTIFIER

  • control field: OSt

005 - DATE AND TIME OF LATEST TRANSACTION

  • control field: 20170530100534.0

008 - FIXED-LENGTH DATA ELEMENTS

  • fixed length control field: 170530|| aca||aabn | a|a d

040 ## - CATALOGING SOURCE

  • Original cataloging agency: OSt
  • Transcribing agency: OSt

100 ## - HEADING--PERSONAL NAME

  • Personal name: Hamzah bin Abdul Rahman

670 ## - SOURCE DATA FOUND

  • Source citation: Work cat.: (OSt): Hamzah bin Abdul Rahman, Customs Agent Course (CAC) Series 3/2010 Impact Study / , 2011
Pusat Sumber Maklumat Dato' Haji Sarmin Md Hussin, Akademi Kastam Diraja Malaysia, Melaka
Tel: 06-2331106 | Faks: 06-2313787